000 01095nam a22003257a 4500
003 CHAP
005 20220329133756.0
008 971013s1965 r 00010 d
010 _a10719
011 _a11691
035 _a10930
040 _cCHAP
082 _a574.55
_bC4Y 1961
100 0 0 _aChandler, Asa C.
_921824
245 _aIntroducción a la parasitología; con especial referencia a los parásitos del hombre
260 _aBarcelona. :
_bOmega,
_c1965
300 _a855 p.
_b: ilus
500 _aTrad de la 10 ed. en inglés
590 _aBATCH-UPD
_b10
_c20130110
_lUCH01
_h0044
590 _aBATCH-UPD
_b10
_c20130110
_lUCH01
_h1835
590 _aBATCH-UPD
_b10
_c20130410
_lUCH01
_h1207
590 _aBATCH-UPD
_b10
_c20130914
_lUCH01
_h0918
590 _aCONVERSION
_b10
_c20130109
_lUCH01
_h1307
650 1 4 _aParásitos.
_985652
700 0 _aRead, Clark C.
_994916
901 _aBK
942 _cLIBRO
949 _a574.55 C4Y 1961
_bBC
_cLIBRO
_d-22963
_eLIBRO
_fc.2
_h45988
_i10930
_si
_t380.00
949 _a574.55 C4Y 1961
_bBC
_cLIBRO
_d33724000313656
_eLIBRO
_h39250
_i10930
_si
_t380.00
999 _c10719
_d10719